00637nam a2200181Ia 4500008004100000020001500041041001200056082001600068100001300084245009500097260003400192300000700226650001600233700001400249942000700263999001500270952017000285221030s9999 xx 000 0 und d a8175440600 aEnglish a105.23bMeh aS. Mehta 0aWheeler`s Question Bank Series - MIS Management Information Systemcby S. Mehta, R. Bangia bWheeler Pub.aNew Delhic1998 a88 aBE Computer aR. Bangia cBK c5772d5772 pBE 1447g60.00l0o105.23 Mehr2024-06-13 00:00:00w2022-10-30yBK003Print4070aMIETLIBbMIETLIBcBL-Academic Block C, FL-2, CUP-48, SH-4, R-4d2000-05-0510HBE